000 00417nam a2200181Ia 4500
005 20240823051428.0
008 240823s9999||||xx |||||||||||||| ||und||
041 _aENGLISH
082 _A823.1 Q2
100 _aPavumba Sahadevan
245 0 _aPrapanchavum Viplavavum
250 _a1st
260 _c2012
_b"D C Books,Kot"
500 _aTRANSFERED
650 _aNovel
_bEnglish
942 _cBK
999 _c219572
_d219572